000
00406nam a2200145Ia 4500
008
090124s9999 xx 000 0 und d
082
_b
206370
245
_a
बात बोलेगी
250
_a
2
260
_b
सिंह शमशेर बहाद्दुर
_c
2003
300
_a
120
630
_a
बात बोलेगी
730
_a
बात बोलेगी
942
_c
BOOK
999
_c
187967
_d
187967